|
|
|
|
| LEADER |
01958nam a2200481 i 4500 |
| 001 |
EBC4837490 |
| 003 |
MiAaPQ |
| 005 |
20200520144314.0 |
| 006 |
m o d | |
| 007 |
cr cnu|||||||| |
| 008 |
170425t20172017enk ob 001 0 eng d |
| 020 |
|
|
|z 9781119315247
|
| 020 |
|
|
|a 9781119315285
|q (electronic bk.)
|
| 035 |
|
|
|a (MiAaPQ)EBC4837490
|
| 035 |
|
|
|a (Au-PeEL)EBL4837490
|
| 035 |
|
|
|a (CaPaEBR)ebr11370981
|
| 035 |
|
|
|a (CaONFJC)MIL1005549
|
| 035 |
|
|
|a (OCoLC)983736652
|
| 040 |
|
|
|a MiAaPQ
|b eng
|e rda
|e pn
|c MiAaPQ
|d MiAaPQ
|
| 050 |
|
4 |
|a HG4529.5
|b .K85 2017
|
| 082 |
0 |
|
|a 332.6
|2 23
|
| 100 |
1 |
|
|a Kula, Gokhan,
|d 1976-
|e author.
|
| 245 |
1 |
0 |
|a Beyond smart beta :
|b index investment strategies for active portfolio management /
|c Gokhan Kula, Martin Raab, Sebastian Stahn.
|
| 264 |
|
1 |
|a Chichester, [England] :
|b Wiley,
|c 2017.
|
| 264 |
|
4 |
|c 2017
|
| 300 |
|
|
|a 1 online resource (243 pages).
|
| 336 |
|
|
|a text
|2 rdacontent
|
| 337 |
|
|
|a computer
|2 rdamedia
|
| 338 |
|
|
|a online resource
|2 rdacarrier
|
| 490 |
1 |
|
|a The Wiley Finance
|
| 504 |
|
|
|a Includes bibliographical references and index.
|
| 588 |
|
|
|a Description based on print version record.
|
| 590 |
|
|
|a Electronic reproduction. Ann Arbor, MI : ProQuest, 2016. Available via World Wide Web. Access may be limited to ProQuest affiliated libraries.
|
| 650 |
|
0 |
|a Portfolio management.
|
| 650 |
|
0 |
|a Stock index futures.
|
| 650 |
|
0 |
|a Investments.
|
| 655 |
|
4 |
|a Electronic books.
|
| 700 |
1 |
|
|a Raab, Martin,
|e author.
|
| 700 |
1 |
|
|a Stahn, Sebastian,
|d 1986-
|e author.
|
| 776 |
0 |
8 |
|i Print version:
|a Kula, Gokhan, 1976-
|t Beyond smart beta : index investment strategies for active portfolio management.
|d Chichester, [England] :Wiley, c2017
|h xii, 227 pages
|k The Wiley Finance
|z 9781119315247
|w 2017003013
|
| 797 |
2 |
|
|a ProQuest (Firm)
|
| 830 |
|
0 |
|a Wiley finance series.
|
| 856 |
4 |
0 |
|u https://ebookcentral.proquest.com/lib/matrademy/detail.action?docID=4837490
|z Click to View
|